Motivácia a výkonnosť podniku

Význam spoznávania a chápania svojich zamestnancov. Spoznávanie a špecifikácia ľudských potrieb. Proces motivácie pracovníkov. Teória potrieb podľa Abrama Maslowa. Prvky motivácie. Základné rozlišovacie znaky. Efekt motivačných faktorov. Ľudské konanie a motivácia. Pravidlá motivácie a rozvoj inicia...

Ausführliche Beschreibung

Gespeichert in:
Bibliographische Detailangaben
1. Verfasser: Kuzmišin, Peter
Format: Buchkapitel
Sprache:Slowakisch
Schlagworte:
Tags: Tag hinzufügen
Keine Tags, Fügen Sie das erste Tag hinzu!

MARC

LEADER 00000naa a2200000 4500
001 r034042
005 20230919084152.7
041 0 |a slo 
044 |a SK 
245 1 0 |a Motivácia a výkonnosť podniku  |c Peter Kuzmišin 
520 |a Význam spoznávania a chápania svojich zamestnancov. Spoznávanie a špecifikácia ľudských potrieb. Proces motivácie pracovníkov. Teória potrieb podľa Abrama Maslowa. Prvky motivácie. Základné rozlišovacie znaky. Efekt motivačných faktorov. Ľudské konanie a motivácia. Pravidlá motivácie a rozvoj iniciatívy. Príbeh úspešného manažéra Lee Iacoccu. 
610 2 0 |a motivácia 
610 2 0 |a motivácia pracovná 
610 2 0 |a manažéri 
610 2 0 |a teória riadenia 
610 2 0 |a potreby osobné 
610 2 0 |a potreby sociálne 
610 2 0 |a iniciatíva pracovná 
610 2 0 |a zamestnanci 
610 2 0 |a aktivita pracovná 
610 2 0 |a stimuly pracovné 
610 2 0 |a Maslow, A. 
610 2 0 |a Iacocca, L. 
100 1 |a Kuzmišin, Peter